[Event "St Petersburg zt"]
[Site "St Petersburg"]
[Date "1993.??.??"]
[Round "3"]
[White "Budnikov, Alexandar"]
[Black "Ruban, Vadim"]
[Result "1/2-1/2"]
[WhiteElo "2520"]
[BlackElo "2595"]
[Annotator "Belov,I"]
[PlyCount "64"]
[EventDate "1993.01.??"]
[EventType "swiss"]
[EventRounds "9"]
[EventCountry "RUS"]
[SourceTitle "CBM 034"]
[Source "ChessBase"]
[SourceDate "1993.06.01"]
[SourceVersion "1"]
[SourceVersionDate "1993.06.01"]
[SourceQuality "1"]

1. c4 c5 2. g3 Nf6 3. Bg2 Nc6 4. Nc3 e6 5. Nf3 d5 6. cxd5 Nxd5 7. O-O Be7 8.
Nxd5 exd5 9. d4 O-O 10. dxc5 Bxc5 11. Bg5 Qd7 $5 (11... Qb6 12. Rc1 d4 (12...
Be6 13. Qc2 Be7 14. Bxe7 Nxe7 15. Qc7 Nc6 16. Qxb6 axb6 17. a3 d4 $14 {
Lagunov-Vaganian,R/Porz/1991/}) 13. Nd2 (13. Qc2 Bd6 14. Nd2 Be6 15. Nc4 Bxc4
16. Qxc4 $14 {Andersson,U-Lautier,J/Biel/1991/}) 13... Re8 14. Nb3 Bf8 15. Re1
h6 16. Bf4 $10 {Polgar,Zs-Lautier,J/Polanica Zdroj/1991/}) (11... f6 12. Bd2
Bf5 (12... Re8 13. Rc1 Bb6 14. e3 Bf5 15. Bc3 Be4 16. Qb3 $14 {Larsen,
B-Agdestein,S/Gausdal/1985/}) 13. Qb3 Bb6 14. Rad1 Be4 15. Bc3 Qe7 16. e3 Rad8
17. Bd4 $14 {Larsen,B-Bareev,E/Naestved/1988/}) 12. a3 (12. Qc2 $5 Bb6 13. Rad1
h6 14. Bc1 {/\ e3,b3,Bb2; Ruban}) 12... h6 13. b4 $146 (13. Bf4 Rd8 14. Rc1 Bb6
{Sirotanovic-Ruban/Bela Crkva/1989/} 15. Ne5 Qe6 16. Nd3 Qe7 17. b4 $10 {Ruban}
) 13... Bb6 (13... Bxb4 14. axb4 hxg5 15. b5 Ne7 16. Nxg5 $16) 14. Bc1 d4 (
14... Rd8 15. Ra2 $5) 15. Ra2 (15. Bb2 Rd8 16. Rc1 Qf5 17. Qd2 Qh5 $10) 15...
Qd5 (15... Qf5 16. Rd2 a5 (16... Rd8 17. Bb2) 17. Bb2 axb4 18. axb4 Nxb4 19.
Nxd4 $14) 16. Rd2 {/\ Nd4} Qc4 17. Bb2 Rd8 18. Qa1 (18. Qb1 Be6 19. Rc1 Qb5)
18... a5 $1 (18... Be6 19. Rfd1 (19. Rc1 Qb5 20. Rcd1 Bb3) 19... a5 20. Nxd4
Nxd4 21. Bxd4 Bxd4 22. Rxd4 Rxd4 23. Qxd4 Qxe2 24. Bxb7 $16) 19. bxa5 (19. Rc1
Qb3 $1 (19... Qb5 20. bxa5 Bxa5 21. Nxd4 $1 $16) 20. bxa5 Rxa5 $10) 19... Bxa5
(19... Rxa5 20. Rfd1 $16) 20. Rc1 Qa4 21. Rdd1 Bb6 $10 22. Qb1 Be6 {/\ Bb3} 23.
Nd2 Qa6 24. Qd3 (24. Bxc6 $6 bxc6 25. Rxc6 Bd5 26. Rc2 Qxe2 $17) 24... Qxd3 25.
exd3 Ne5 26. Nf3 Nxf3+ 27. Bxf3 Ba5 28. Rc5 (28. Bxb7 Rab8 $19) 28... b6 29.
Rc7 Rac8 30. Rdc1 Rxc7 31. Rxc7 Bf5 32. Rc4 Bxd3 1/2-1/2

[Event "Bugojno"]
[Site "Bugojno"]
[Date "1978.03.04"]
[Round "6"]
[White "Portisch, Lajos"]
[Black "Spassky, Boris Vasilievich"]
[Result "1/2-1/2"]
[WhiteElo "2630"]
[BlackElo "2630"]
[Annotator "Bulletin"]
[PlyCount "79"]
[EventDate "1978.02.27"]
[EventType "tourn"]
[EventRounds "15"]
[EventCountry "YUG"]
[EventCategory "14"]
[SourceTitle "MCL"]
[Source "ChessBase"]
[SourceDate "1999.07.01"]
[SourceVersion "1"]
[SourceVersionDate "1999.07.01"]
[SourceQuality "1"]

1. c4 c5 2. Nf3 Nf6 3. Nc3 Nc6 4. g3 e6 5. Bg2 d5 6. cxd5 Nxd5 7. O-O Be7 8. d4
O-O 9. Nxd5 exd5 10. dxc5 (10. Be3 c4 11. Ne5 f6 12. Nxc6 bxc6 13. Bf4 a5 14.
b3 Ba6 15. Qc2 Kh8 16. Rfb1 $14 {Portisch-Matanovic, Biel 1976}) 10... Bxc5 11.
a3 Bf5 (11... a5 12. Ne1 Be6 (12... d4 13. Nd3 Bb6 14. Bd2 Re8 15. Rc1 Bg4 16.
Re1 $14 {Petrosian-Peters, Lone Pine 1976}) 13. Nd3 Bd6 14. Bf4 Be7 $10) 12. b4
Bb6 13. Ra2 Be4 14. Rd2 Qe7 15. Bb2 Rfe8 16. Qa1 f6 $10 17. Rfd1 (17. Ne1 Rad8
18. Nd3 Bxg2 19. Kxg2 Ne5 $10) (17. Nd4 Ne5) 17... Qe6 18. Qa2 Rad8 19. Qb3 a5
$5 20. Ne1 (20. bxa5 Nxa5) (20. b5 a4 $1 21. Qxa4 (21. Qa2 Na5) 21... Ra8 {
/\Na5,Nc4}) 20... axb4 21. axb4 d4 22. Qxe6+ Rxe6 23. Bxe4 Rxe4 24. Nd3 Rd5 (
24... Ra8 {/\..Ra4}) 25. Ra1 Re8 26. Ra4 Kf7 27. Kf1 Ne5 28. Rc2 Nxd3 29. exd3
g5 30. Ra1 h5 31. Rc4 Rdd8 32. Ra4 Re5 33. h3 h4 34. gxh4 gxh4 35. b5 Red5 36.
Rab4 Kg6 37. Kg2 Rg5+ 38. Kf1 Rgd5 39. Kg2 Rg5+ 40. Kf1 1/2-1/2

[Event "USA-ch"]
[Site "Greenville"]
[Date "1983.??.??"]
[Round "5"]
[White "Browne, Walter Shawn"]
[Black "Gurevich, Dmitry"]
[Result "1-0"]
[WhiteElo "2540"]
[BlackElo "2470"]
[Annotator "Bulletin"]
[PlyCount "89"]
[EventDate "1983.07.??"]
[EventType "tourn"]
[EventRounds "13"]
[EventCountry "USA"]
[EventCategory "10"]
[SourceTitle "MCL"]
[Source "ChessBase"]
[SourceDate "1999.07.01"]
[SourceVersion "1"]
[SourceVersionDate "1999.07.01"]
[SourceQuality "1"]

1. d4 Nf6 2. c4 e6 3. Nf3 d5 4. Nc3 c5 5. cxd5 Nxd5 6. e4 Nxc3 7. bxc3 cxd4 8.
cxd4 Nc6 9. Bc4 b5 10. Be2 Bb4+ 11. Bd2 Qa5 (11... Bxd2+ $2 12. Qxd2 a6 13. d5
exd5 14. exd5 Ne7 15. d6 Nf5 16. Rd1) 12. d5 $1 exd5 13. exd5 Ne7 14. O-O (14.
d6 Nf5 15. O-O) 14... Bxd2 15. Nxd2 O-O 16. d6 Nf5 17. Bf3 Rb8 18. Ne4 $18 Qb6
(18... Rd8 19. Qd3) 19. Qd3 Be6 20. Rfd1 Rbd8 21. a4 $1 a6 (21... b4 $6 22. a5)
(21... bxa4 $2 22. Rxa4 $1 Bb3 23. Nf6+ gxf6 24. Qxf5 Rxd6 (24... Bxa4 25. Be4)
25. Rg4+ Kh8 26. Rh4) 22. a5 Qb8 23. Rac1 Nh4 24. Rc6 $1 Qa8 25. Rc5 $1 Bc4 26.
Qd4 Nxf3+ 27. gxf3 Kh8 28. Re1 Qb8 29. Rh5 f6 30. f4 Qc8 31. f3 $1 Qd7 32. f5
Rde8 33. Kf2 Re5 $1 34. Nc5 $6 (34. Ng5 $1 Rxf5 $2 (34... Qxf5 35. Nf7+) (34...
Kg8 35. Rxh7 $1 Qxf5 (35... fxg5 36. Rxe5 Kxh7 37. Re7) 36. Rxe5 fxe5 37. Qh4
Qc2+ 38. Kg3 Rxf3+ 39. Nxf3 Qg6+ 40. Qg5) (34... h6 $5 35. Rxe5 fxe5 36. Qxe5
Rxf5 37. Rxh6+ Kg8 38. Qe7 Qxe7 39. dxe7 Re5 40. Rxa6 g6 41. Rxg6+ Kh8 42. Re6
$1) 35. Rxh7+ Kg8 36. Rh8+ Kxh8 37. Qh4+) 34... Qe8 $1 35. Rxe5 Qxh5 36. Re3
Qxf5 (36... Qxh2+ $2) 37. d7 $4 (37. Re4 $1) 37... Bd5 $4 (37... Qc2+ $1 38.
Kg3 Bf1 $3 39. d8=Q (39. Re8 Qg2+ 40. Kf4 Qg5+ 41. Ke4 Qg6+ 42. Ke3 Rxe8+)
39... Qg2+ 40. Kf4 Qg5+ 41. Ke4 f5+) 38. Qd3 $6 (38. Rd3) 38... Qh5 39. Re8
Qxh2+ 40. Ke1 Qg1+ 41. Ke2 Qg2+ 42. Ke1 Qg1+ 43. Kd2 Qh2+ 44. Qe2 Qf4+ 45. Kc2
1-0

[Event "EU-chT (Men) 10th"]
[Site "Debrecen"]
[Date "1992.11.??"]
[Round "6.4"]
[White "Eingorn, Vereslav S"]
[Black "Alterman, Boris"]
[Result "1/2-1/2"]
[WhiteElo "2590"]
[BlackElo "2515"]
[Annotator "Bulletin"]
[PlyCount "67"]
[EventDate "1992.11.20"]
[EventType "team-swiss"]
[EventRounds "9"]
[EventCountry "HUN"]
[SourceTitle "EU-chT"]
[Source "ChessBase"]
[SourceDate "1999.07.01"]
[SourceVersion "2"]
[SourceVersionDate "1999.07.01"]
[SourceQuality "1"]
[WhiteTeam "Ukraine"]
[BlackTeam "Israel"]
[WhiteTeamCountry "UKR"]
[BlackTeamCountry "ISR"]

1. Nf3 c5 2. c4 Nc6 3. e3 Nf6 4. Nc3 e6 5. d4 d5 6. cxd5 Nxd5 7. Bc4 cxd4 8.
exd4 Nxc3 9. bxc3 Be7 10. Bd3 b6 11. O-O (11. h4 $5 O-O $2 12. Bxh7+ Kxh7 13.
Ng5+ Bxg5 14. hxg5+ Kg8 15. Qh5 f5 16. g6 $18) 11... O-O (11... Bb7) 12. Qc2 g6
13. Bh6 (13. h4 $5) 13... Re8 14. h4 Bf8 15. Qd2 (15. Bxf8 $5 Rxf8 16. h5 Qf6
$1 17. Be4 Bb7 18. Ne5 Rac8 $5 {/\} 19. Nd7 Qh4 20. g3 Qg5) 15... Bb7 16. Rfe1
Rc8 (16... Na5 17. Ne5 Qxh4 $2 18. Bg5) 17. h5 Bxh6 (17... Ne7 18. Ne5 $16) 18.
Qxh6 Qf6 19. Ng5 (19. Be4) 19... Qg7 20. Qxg7+ Kxg7 21. h6+ Kg8 22. Ne4 Red8
23. Nf6+ Kf8 (23... Kh8 24. Be4 $18) 24. d5 (24. g4 Ke7 25. g5 Nb8 {Alterman})
(24. Nxh7+ Ke7 25. Ng5 Na5 (25... Rh8 26. h7) 26. Rac1 $18 (26. Be4 $5)) 24...
Ke7 (24... exd5 $2 25. Nxh7+ Kg8 26. Nf6+ Kh8 27. g4 $18) 25. dxc6 Bxc6 26. Ba6
Kxf6 27. Bxc8 Rxc8 28. c4 Kg5 29. a4 Kxh6 30. a5 Be8 31. axb6 axb6 32. Rec1 Rc5
33. Rab1 b5 34. cxb5 1/2-1/2

[Event "Haarlem BDO-A 9th"]
[Site "Haarlem"]
[Date "2013.08.17"]
[Round "1"]
[White "L'Ami, Erwin"]
[Black "Svane, Rasmus"]
[Result "1-0"]
[WhiteElo "2626"]
[BlackElo "2425"]
[Annotator "CB"]
[PlyCount "137"]
[EventDate "2013.08.17"]
[EventType "tourn"]
[EventRounds "9"]
[EventCountry "NED"]
[EventCategory "10"]
[SourceTitle "CBM 156 Extra"]
[Source "ChessBase"]
[SourceDate "2013.10.22"]
[SourceVersion "1"]
[SourceVersionDate "2013.10.22"]
[SourceQuality "1"]
[WhiteClock "0:02:24"]
[BlackClock "0:00:59"]

1. d4 Nf6 2. c4 e6 3. Nf3 d5 4. Nc3 c5 5. cxd5 cxd4 {Ohne Sf3 und Sf6 wäre
dies das Schara-Hennings-Gambit der Tarrasch-Variante.} ({Zu den üblichen
Abspielen der Verbesserten Tarrasch-Variante führt} 5... Nxd5) 6. Qxd4 ({Oder:
} 6. Qa4+ Bd7 ({Oder im Gambitstil:} 6... b5 7. Nxb5 Bd7 8. d6 Bxb5 9. Qxb5+
Nbd7 10. Qa4 Bxd6 11. Qxd4 Bc5 12. Qa4 O-O 13. e3 Rb8 14. Bb5 Nb6 15. Qd1 Nbd5
16. Bd3 Bb4+ 17. Kf1 Nc3 18. bxc3 Bxc3 19. Ba3 Bxa1 20. Bxf8 Kxf8 21. h3 Bc3
22. g4 Rb2 23. Kg2 Nd5 24. Qc1 Qb6 25. Kg3 Qd6+ 26. Kg2 Qc5 27. Kg3 Rxa2 28.
Rd1 a5 29. Bb1 Rb2 30. Ng5 a4 31. Ne4 Be5+ 32. f4 Qxe3+ 33. Qxe3 Nxe3 34. Rd7
Bb8 {0-1 (34) Jakovenko,D (2731)-Sokolov,I (2642) Haguenau 2013}) 7. Qxd4 exd5
8. e3 Nc6 9. Qd3 Be6 10. Be2 g6 11. Nd4 Nxd4 12. Qxd4 Bg7 13. Bb5+ Kf8 14. Bd2
Kg8 15. Qb4 a5 16. Qa4 Nd7 17. O-O Nb6 18. Qc2 Rc8 19. Rad1 h6 20. Qb1 Nc4 21.
Bc1 Nxb2 22. Bxb2 Bxc3 23. Bxc3 Rxc3 24. Qb2 Rc5 25. Bd3 Kh7 26. f4 Qd7 27. f5
Bxf5 28. Bxf5 gxf5 29. Qb1 d4 30. Rxd4 Qe6 31. Kh1 Rhc8 32. Rdf4 Kg8 33. Qxb7
Rc1 34. h3 Rxf1+ 35. Rxf1 Rc2 36. Qa8+ Kh7 37. Qxa5 Rxa2 38. Qxf5+ Qxf5 39.
Rxf5 Kg6 40. Rf3 h5 41. Kg1 f6 42. Kf1 Ra1+ 43. Kf2 Ra2+ 44. Kg3 Re2 45. h4 Kg7
46. Kh3 Re1 47. g3 Kg6 48. Kg2 Re2+ 49. Kf1 Ra2 50. Rf2 Ra1+ 51. Kg2 Re1 52.
Kf3 Kf5 53. Rd2 Rf1+ 54. Kg2 Ra1 55. Rd4 Re1 56. Kf2 Rh1 57. Rf4+ Kg6 58. Ra4
Kf5 59. e4+ Kg6 60. Ra6 Kg7 61. Rb6 Ra1 62. Rb3 Kg6 63. Ke3 Re1+ 64. Kf4 Rf1+
65. Rf3 Re1 66. Rf2 Rg1 67. Kf3 Re1 68. Re2 {1/2-1/2 (68) Jakovenko,D (2741)
-Lysyj,I (2617) Khanty-Mansiysk 2012}) (6. Nxd4 Nxd5 7. Bd2 Bc5 {bereitet
Schwarz keine Probleme.}) 6... exd5 7. e4 (7. e3 Nc6 8. Qd3 Bc5 9. Be2 d4 10.
exd4 Nxd4 11. O-O O-O 12. Nxd4 Qxd4 13. Qg3 Ne4 14. Nxe4 Qxe4 15. Bf3 Qb4 16.
Bf4 Be6 17. a3 Qb3 18. Rac1 Bd4 19. Rc7 Qxb2 20. Rxb7 Qxa3 21. Bd6 Qa5 22. Bb4
Qf5 23. Bxf8 Rxf8 24. Rd1 Bb6 25. Rb8 g6 26. Rxf8+ Kxf8 27. Qd6+ Kg8 28. Qd2 h5
29. Qc3 Kh7 30. h3 Qf4 31. Re1 Bxh3 32. Re4 Qd6 33. Qe5 Qxe5 34. Rxe5 Be6 35.
Bd5 Bd4 36. Bxe6 Bxe5 37. Bxf7 h4 38. Kf1 Kg7 39. Be8 g5 40. Ke2 Kf6 41. Ke3 g4
42. Bd7 Kg5 43. Ke2 Kf4 44. Kf1 a5 45. Ke2 Bd4 46. Kf1 Bc5 47. Ke2 Bd4 48. Kf1
Bc5 49. Ke2 Bd4 {1/2-1/2 (49) Aronian,L (2802)-Kramnik,V (2800) Moscow 2011})
7... Nc6 8. Bb5 dxe4 ({Gespielt wurde auch schon} 8... Nxe4 9. O-O {usw.}) 9.
Qxd8+ Kxd8 10. Ng5 Be6 (10... Ke8) 11. Nxe6+ fxe6 12. Bxc6 bxc6 13. Ke2 {
Die Abweichung von L'Amis Vorgängerpartie gegen Sokolov.} (13. Bg5 Bb4 14.
O-O-O+ Kc7 15. Rhe1 Nd5 16. Kc2 Rhf8 17. Bh4 e3 18. Bg3+ Kb7 19. fxe3 Rad8 20.
Rd3 Ba5 21. a3 c5 22. e4 c4 23. Rdd1 Nxc3 24. bxc3 Kc6 25. Rxd8 Bxd8 26. Rd1
Be7 27. a4 Bc5 28. Rd2 g5 29. h3 h5 30. Be5 g4 31. hxg4 hxg4 32. Bd4 Rf4 33.
Bxc5 Kxc5 34. Rd7 Rxe4 35. Kd2 a6 36. g3 Re5 37. Rg7 Rd5+ 38. Kc2 Rh5 39. Kd2
Rd5+ 40. Kc2 Rf5 41. Rxg4 Rf2+ 42. Kc1 e5 43. Rg6 Kd5 44. Rxa6 Ke4 45. Rd6 Ra2
46. g4 Rxa4 47. g5 Ra2 48. g6 Rg2 49. Re6 Kf4 50. Kd1 e4 51. Rf6+ Ke3 52. Rd6
Rg1+ 53. Kc2 Kf3 54. Rf6+ Ke2 55. Re6 e3 56. Rf6 Ke1 57. Re6 Kf2 58. Rf6+ Ke2
59. Rd6 Kf3 60. Rf6+ Ke4 61. Re6+ Kf4 62. Kb2 Kf3 63. Rf6+ Ke4 64. Re6+ Kd3 65.
Rd6+ Ke2 66. Kc2 Kf2 67. Rf6+ Ke1 68. Re6 e2 69. Rf6 Rg2 70. Kc1 Rf2 71. Re6
Rg2 72. Rf6 Rg1 73. Kc2 Rg3 74. Re6 Kf2 75. Rf6+ Rf3 76. Rxf3+ Kxf3 77. g7 e1=Q
78. g8=Q Qe2+ 79. Kc1 Qe3+ 80. Kc2 Qd3+ 81. Kc1 Qxc3+ 82. Kd1 Qd3+ 83. Kc1 Qf1+
84. Kc2 Qg2+ {1/2-1/2 (84) L'Ami,E (2627)-Sokolov,I (2663) Wijk aan Zee 2013})
13... Bb4 {Kleine Bilanz: Weiß hat im Moment einen Bauern weniger, vermutlich
nur vorübergehend. Die schwarze Bauernstruktur mit vier Einzelbauern ist
deutlich schlechter.} 14. Na4 Nd5 15. Be3 Kc7 16. Rac1 Nxe3 17. fxe3 ({
Naheliegender war} 17. Kxe3 {Vielleicht gefiel Weiß} Rhd8 18. Kxe4 Rd5 {nicht.
}) 17... Rhd8 18. Rc2 Rac8 (18... Rd5 $5 {mit der Idee} 19. Rhc1 Rad8 20. Rxc6+
Kb8 21. R1c2 Rd2+ 22. Rxd2 Rxd2+ 23. Kf1 Rd1+ (23... Bd6 $5) 24. Ke2 Rd2+ {
und Remis.}) 19. Rhc1 Kb7 20. a3 Bd6 21. h3 Rc7 22. Rc4 Rf8 23. Nc3 Rf5 24.
Nxe4 Be7 25. a4 a5 26. Nd2 Bb4 27. Nf3 c5 (27... Rd5 $5) 28. Re4 Re7 29. Rd1
Kc7 30. Ne5 {Die schwarzen Figuren harmonieren nicht miteinander.} Rf6 31. h4
h5 32. g4 hxg4 33. Rxg4 Rf5 34. Rg5 Rxg5 35. hxg5 c4 36. Rd4 (36. g6 $5) (36.
Nxc4 Rf7 37. Rg1 $16) 36... Kb6 ({Ein interessanter Versuch war} 36... c3 $5
37. bxc3 Bxc3 38. Rc4+ Kd6 39. Nd3 Rc7 40. Rxc7 Kxc7 41. Nc5 Kc6 ({Natürlich
nicht} 41... Kd6 $2 42. Ne4+ $18) 42. Nxe6 Kd6 43. Nf4 Ke5 44. Kd3 Bb4 45. g6
Kf5 {mit guten Remischancen.}) 37. Nxc4+ Kc5 38. Ne5 Kb6 39. Nd3 Bc5 40. Rd8
Rb7 41. Rg8 Bd6 42. g6 Kc6 43. e4 Bb8 44. Re8 {Schwarz hat einen Bauern
weniger und wird nun nach und nach in eine passive Position gedrängt.} Kd6 45.
Rf8 e5 46. Rd8+ Ke7 47. Rd5 Bc7 48. Kf3 Kf6 49. Rd7 Kxg6 50. Kg4 Kf6 51. Nc5
Ra7 52. Kh5 (52. Nb3 g6 (52... Rb7 $2 53. Nxa5 Ra7 54. b4 $18) 53. Rh7 Ke6 54.
Nd2 $14) 52... Bb8 53. Rd5 Bc7 54. Nd7+ Ke6 55. Kg6 Bd6 56. Nc5+ Bxc5 (56...
Ke7 $5 {mit der Idee} 57. Kxg7 $2 Bxc5 58. Rxc5 Kd6+) 57. Rxc5 Ra6 58. Rb5 (58.
Kxg7 Rd6 59. Rxa5 Rd4 60. Ra6+ Kd7 {reicht wohl nicht zum Gewinn für Weiß.})
58... Kd6 59. Kf5 (59. Kxg7 Rc6 60. Kf6 $18) 59... g6+ ({Zäher war} 59... Ra7
60. Rd5+ Kc6 61. Rxe5 Kd6 62. Rd5+ Ke7 63. Rb5) 60. Kxg6 Ra8 {Mit der Idee Tf8.
} 61. Kf7 Rh8 (61... Ra7+ 62. Kf6 Ra8 63. Rd5+ Kc6 64. Kxe5 $18) 62. Rd5+ Kc6
63. Rxa5 Rh2 64. b4 Rb2 65. Rc5+ Kd6 66. Rd5+ Kc7 67. Ke7 Rxb4 68. Rc5+ Kb6 69.
Rb5+ 1-0

[Event "Gibraltar Masters 12th"]
[Site "Caleta"]
[Date "2014.02.04"]
[Round "8"]
[White "Ivanchuk, Vassily"]
[Black "Ganguly, Surya Shekhar"]
[Result "1-0"]
[WhiteElo "2739"]
[BlackElo "2619"]
[Annotator "CB"]
[PlyCount "75"]
[EventDate "2014.01.28"]
[EventType "swiss"]
[EventRounds "10"]
[EventCountry "GGB"]
[SourceTitle "CBM 159"]
[Source "ChessBase"]
[SourceDate "2014.03.17"]
[SourceVersion "1"]
[SourceVersionDate "2014.03.17"]
[SourceQuality "1"]

1. d4 d5 2. c4 e6 3. Nf3 Nf6 4. Nc3 c5 5. cxd5 Nxd5 {Die ehrwürdige
Semi-Tarraschvariante ist in jüngster Zeit wieder recht populär geworden,
auch weil man mit Sxd5 die Abtauschvariante vermeiden kann.} 6. e4 Nxc3 7. bxc3
cxd4 8. cxd4 Bb4+ 9. Bd2 Bxd2+ 10. Qxd2 O-O 11. Rc1 Nc6 12. Be2 Qb6 13. O-O Rd8
14. Rc4 Bd7 (14... e5 15. d5 f6 16. Rfc1 Ne7 17. Qc3 Qd6 18. Rc7 a6 19. Ne1 f5
20. Qc5 Qxc5 21. R1xc5 Kf7 22. f3 f4 23. g3 g5 24. Nd3 Kf6 25. Nxe5 Nxd5 26.
Rxh7 Kxe5 27. gxf4+ Kxf4 28. exd5 b5 29. Bd3 Rf8 30. Kf2 Bf5 31. Bxf5 Rxf5 32.
Re7 Re5 33. Rf7+ Rf5 34. Rxf5+ Kxf5 35. d6+ Kf6 36. Kg3 b4 37. d7 Rd8 38. Rd5
Ke6 39. Rxg5 Rxd7 40. h4 Kf6 41. Ra5 Rd6 42. f4 Rb6 43. Kg4 Kg6 44. h5+ Kh6 45.
Rc5 Re6 46. Rc8 Rb6 47. Rh8+ Kg7 48. Ra8 Kh6 49. Ra7 Rd6 50. Rb7 a5 51. Ra7 Rd5
52. Ra6+ Kg7 53. f5 Rd1 54. Rxa5 Rg1+ 55. Kf4 Ra1 56. Ra6 Rf1+ 57. Ke5 Re1+ 58.
Kd5 Rf1 59. h6+ Kh7 60. Ke5 Re1+ 61. Kf6 Kxh6 62. Rb6 Re4 63. Kf7+ Kh7 64. f6
Kh6 65. Kf8 {1-0 (65) Pereira,A (2135)-Buchaillot,L (2218) ICCF email 2005})
15. Bd3 Qa5 16. Qb2 Rac8 17. Rfc1 Nb4 18. Bf1 Nc6 19. Rc5 Qb4 20. Qa1 (20. Qxb4
Nxb4 21. Rb1 $14) 20... Na5 (20... Ne7 $5) 21. a3 Qb6 22. Rb1 Nb3 23. Qa2 Ba4
24. Rc4 Qa5 (24... Rxc4 25. Bxc4 Rc8 26. Nd2 Rxc4 27. Nxc4 Qxd4 28. Qe2 $16)
25. Rxb3 Bxb3 26. Qxb3 b5 $2 ({Besser war} 26... Rxc4 27. Bxc4 b5 28. Qxb5 (28.
Bxb5 $4 Rb8 $17) 28... Qxa3 $16 {Im Unterschied zur Partiefolge hat Schwarz
hier ein Tempo mehr.}) 27. Rxc8 Rxc8 28. d5 (28. Bxb5 $2 Rb8 $17) 28... Qa4 (
28... exd5 29. exd5 $18 {Der Freibauer entscheidet.}) 29. Qe3 exd5 30. exd5 Qd1
31. Nd4 Kf8 32. d6 Re8 33. d7 Rd8 34. Qe5 Rxd7 {Danach folgt ein hübsches
Matt in 10 Zügen:} 35. Qb8+ Ke7 36. Nc6+ Kf6 37. Qf4+ Ke6 (37... Kg6 38. Ne5+
Kh5 39. h4 h6 40. Qf5+ g5 41. Nxd7 Qa1 42. Nf6+ Qxf6 43. Be2+ Kxh4 44. Qh3#)
38. Qe5# 1-0

[Event "Grand Slam Final 7th"]
[Site "Bilbao"]
[Date "2014.09.19"]
[Round "5"]
[White "Aronian, Levon"]
[Black "Vallejo Pons, Francisco"]
[Result "1/2-1/2"]
[WhiteElo "2804"]
[BlackElo "2712"]
[Annotator "CB"]
[PlyCount "118"]
[EventDate "2014.09.14"]
[EventType "tourn"]
[EventRounds "6"]
[EventCountry "ESP"]
[EventCategory "21"]
[SourceTitle "CBM 163"]
[Source "ChessBase"]
[SourceDate "2014.11.11"]
[SourceVersion "1"]
[SourceVersionDate "2014.11.11"]
[SourceQuality "1"]

1. d4 Nf6 2. c4 e6 3. Nf3 d5 4. Nc3 c5 5. cxd5 cxd4 6. Qxd4 (6. dxe6 dxc3 7.
exf7+ Ke7 {is tempting, but known not to be good for White. Black has plenty
of time to consolidate.}) 6... exd5 7. e4 Nc6 (7... dxe4 8. Qxd8+ Kxd8 9. Ng5
$14) 8. Bb5 dxe4 9. Qxd8+ Kxd8 10. Ng5 Be6 {Despite how suspicious this line
looks for Black, it seems to hold quite well. Most top-level games in this
variation have ended in a draw in the recent past. Aronian's try does not seem
to be the most testing.} 11. Bd2 Bb4 12. Bxc6 bxc6 13. Nxe6+ fxe6 14. Nxe4 Rb8
15. O-O-O Ke7 16. Rhe1 Nxe4 17. Rxe4 Bxd2+ 18. Rxd2 {White's structural edge
gives him an advantage in the endgame, but from that to converting a win is a
long, long road.} Rhd8 19. Rc2 Rb6 20. Rec4 Rd6 21. R2c3 e5 22. Rc5 Rg6 $1 {
Good counterplay from the Spaniard. This forces g3, leaving f2 more vulnerable.
} 23. g3 (23. Rxe5+ Kd6 24. Re2 Rxg2 $11) 23... Kd6 24. Ra5 Rf6 25. f3 Rf7 26.
Rca3 Rfb7 27. Rd3+ Ke6 28. b3 Rb5 29. Ra6 R5b6 30. Ra3 Rb5 {White's rooks are
rather ugly. Despite the permanent advantage of the pawn structure, it is
clear he has been unable to make any progress. Aronian keeps trying, but
Vallejo has no problems holding.} 31. Rc3 Kd6 32. Kd2 Rd5+ 33. Ke3 a5 34. Rc4
Rbb5 35. Raa4 Rbc5 36. h4 h5 37. g4 g6 38. Ke4 Rxc4+ 39. Rxc4 Rd1 40. f4 Re1+
41. Kd3 Rd1+ 42. Ke3 Re1+ 43. Kd3 Rd1+ 44. Ke3 Re1+ 45. Kd2 Ra1 46. fxe5+ Kxe5
47. Rc5+ Kd6 48. Rxa5 hxg4 49. Ke3 Rh1 50. Rg5 Rxh4 51. Rxg6+ Kc5 52. Rg5+ Kb6
53. Kd4 g3+ 54. Kc3 Rh2 55. a4 Rg2 56. a5+ Ka6 57. Kb4 Rc2 58. Rxg3 c5+ 59. Ka3
Kxa5 1/2-1/2

[Event "Sinquefield Cup 2nd"]
[Site "Saint Louis"]
[Date "2014.09.06"]
[Round "10"]
[White "Aronian, Levon"]
[Black "Caruana, Fabiano"]
[Result "1/2-1/2"]
[WhiteElo "2805"]
[BlackElo "2801"]
[Annotator "CB"]
[PlyCount "60"]
[EventDate "2014.08.27"]
[EventType "tourn"]
[EventRounds "10"]
[EventCountry "USA"]
[EventCategory "23"]
[SourceTitle "CBM 162"]
[Source "ChessBase"]
[SourceDate "2014.09.17"]
[SourceVersion "1"]
[SourceVersionDate "2014.09.17"]
[SourceQuality "1"]

1. Nf3 c5 2. c4 Nc6 3. Nc3 Nf6 4. g3 d5 5. d4 e6 6. cxd5 Nxd5 7. Bg2 cxd4 8.
Nxd4 Nxc3 9. bxc3 Nxd4 10. cxd4 {This is the first unusual move. White usually
plays 10.Qxd4 since recapturing with the pawn more or less forces white to
move his king.} (10. Qxd4 Qxd4 11. cxd4 Bb4+ 12. Bd2 Bxd2+ 13. Kxd2 Ke7 {
was seen twice last year at the Super level; Gelfand-Leko and Fridman-Meier,
and both games ended in draws.}) 10... Bb4+ 11. Kf1 (11. Bd2 Qxd4 {and 12.Qa4+
does not win the Bb4, since white's rook is hanging on a1.}) 11... O-O 12. Rb1
Bd6 13. h4 Rb8 14. h5 h6 15. e4 $6 {Levon thought quite a long time about this
advance in the center, but white cannot claim any advantage due to the Kf1 and
Rh1 being misplaced.} b6 16. Be3 e5 17. dxe5 (17. d5 Bd7 {looks pretty good
for black. The d5 pawn is blocked and black can decide whether he wants to
advance his queenside majority or play for an attack with f7-f5.}) 17... Bxe5
18. f4 Qxd1+ (18... Qf6 19. Bf3 Rd8 20. Qe2 Bd4 {is more aggressive, but I
think Fabiano felt the slightly better ending offered by a queen trade suited
the situation more.}) 19. Rxd1 Bg4 20. Rd5 Bb2 21. Rb5 Ba3 22. Bh3 Bxh3+ ({
The last chance to increase black's advantage was} 22... Bd1 23. Kf2 Ba4 24.
Rd5 Bc6 25. Rd4 Bc5 26. Rc4 f5 27. Bxc5 bxc5 28. Rxc5 Rb2+ 29. Ke3 Bxe4 30. Ra1
{and black has some winning chances.}) 23. Rxh3 Rbc8 24. Rh2 Rfd8 (24... Rfe8
25. e5 f6 26. Re2 fxe5 27. Rxe5 Rxe5 28. fxe5 {was a better winning try,
although a draw is the most likely result.}) 25. Rb3 Bc1 26. Re2 Bxe3 27. Rbxe3
{Now it is completely equal. An easy game for Fabiano, who was a little better
with black the whole way through.} Kf8 28. e5 Rc5 29. Kg2 Ke7 30. Rb2 Rdc8
1/2-1/2